| 000 | 00750nam a2200241 i 4500 | ||
|---|---|---|---|
| 001 | bg | ||
| 100 | 1 | _aWYSOCKI, Henryk | |
| 245 | 1 | 0 |
_aPolsko-angielski słownik marynarza / _coprac. Henryk Wysocki ; [Wyższa Szkoła Morska w Szczecinie]. |
| 260 |
_aSzczecin : _bWSM, _c2003. |
||
| 300 |
_a320, [2] s. ; _c21 cm. |
||
| 500 | _aTyt. równol.: Polish-English seaman's dictionary. Nazwa wydawcy w cop. | ||
| 650 | 9 | _aSłownik polsko-angielski | |
| 650 | 9 |
_aTransport morski _xterminologia |
|
| 650 | 9 |
_aŻegluga _xterminologia |
|
| 655 | _aSłowniki | ||
| 020 | _a8386494212 | ||
| 040 | _cBPK | ||
| 041 | 0 | _apoleng | |
| 080 | _a656.61(038)=162.1=111 | ||
| 920 | _a83-86494-21-2 | ||
| 942 | _cKS | ||
| 008 | s pl f |000 0 pol | ||
| 999 |
_c44481 _d44481 |
||